NOPLP Révisions - Voilà - Statistiques

Statistiques générales
  • Ce quiz a été pris 3 fois
  • Le résultat moyen est 5 sur 58
Statistiques - réponses
Réponse % Correct
Écoutez-moi
100%
À vos amours à vos amis
50%
C'est tout
50%
Et de son rêve fou
50%
Moi c'que j'veux c'est écrire des histoires
50%
Moi la chanteuse à demi
50%
Parlez de moi
50%
Parlez-leur de cette fille aux yeux noirs
50%
Qui arrivent jusqu'à vous
50%
Aimez-moi
0%
Avant que je me déteste
0%
Bien aimer mes contours
0%
Ça m'sauvera p't-être pas non
0%
C'est ma gueule c'est mon cri
0%
C'est ma gueule c’est mon cri
0%
C'est peu de chose mais moi
0%
Comme j'en crève comme j'en ris
0%
Comme on aime un ami
0%
Voilà qui je suis
0%
Voilà qui je suis
0%
Et mes yeux et mes mains
0%
J'sais pas comment
0%
J'veux qu'on m'aime
0%
J'vous en supplie
0%
Mais faire sans vous
0%
Me voilà dans le bruit et dans la fureur aussi
0%
Me voilà dans le bruit et dans le silence
0%
Me voilà dans le bruit et dans le silence
0%
Me voilà même si
0%
Me voilà même si
0%
Me voilà même si
0%
Me voilà, Me voilà, Me voilà
0%
Me voilà tant pis
0%
Mise à nue c'est fini
0%
Mise à nue c'est fini
0%
Mise à nue j'ai peur oui
0%
Moi mon rêve mon envie
0%
Ne partez pas
0%
Ou du moins ce qu'il en reste
0%
Parce que moi je sais pas
0%
Que les lèvres d'une autre ne vous diront pas
0%
Qui s'en va pour toujours
0%
Quoi vous dire
0%
Regardez-moi
0%
Regardez-moi
0%
Regardez-moi enfin
0%
Restez longtemps
0%
Tout ce que j'ai est ici
0%
Tout ce que j'ai je le dépose là
0%
Voilà
0%
Voilà juste ici
0%
Voilà qui je suis
0%
Voilà, Voilà
0%
Voilà, Voilà, Voilà
0%
Voilà, Voilà, Voilà
0%
Voilà, Voilà, Voilà
0%
Voilà, Voilà, Voilà
0%
Voilà, Voilà, Voilà
0%
Aucun quiz correspondant
Distribution des résultats
% des personnes avec chaque résultat
Percentile par nombre de réponses
Votre historique - résultats
Vous n’avez pas pris ce quiz